Improvement of natural rubber processing and drying conditions by getting a more controlled structure of latex coagulation (Record no. 60867)

MARC details
000 -LEADER
fixed length control field 00480nam a2200121Ia 4500
100 ## - MAIN ENTRY--AUTHOR NAME
Personal name Roudeix H
245 #0 - TITLE STATEMENT
Title Improvement of natural rubber processing and drying conditions by getting a more controlled structure of latex coagulation
260 ## - PUBLICATION, DISTRIBUTION, ETC. (IMPRINT)
Name of publisher Proceedings of the International Rubber Conference, Kuala Lumpur, Malaysia, V.2. 1985; p423-433
650 ## - SUBJECT ADDED ENTRY--TOPICAL TERM
Topical Term Latex coagulation
650 ## - SUBJECT ADDED ENTRY--TOPICAL TERM
Topical Term Natural rubber processing
942 ## - ADDED ENTRY ELEMENTS (KOHA)
Koha item type Journals
Holdings
Withdrawn status Lost status Damaged status Not for loan Home library Current library Shelving location Date acquired Koha item type
      Journals RRII Library RRII Library Rubber chemistry 17/12/2021 Journals